000 01320cam a2200289 ia4500
003 SA-RiAUC
005 20241128123356.0
008 241127s1996 mr g b f00110bara c
040 _aSA-RiAUC
_bara
_cSA-RiAUC
_erda
082 0 4 _a922.582
_qSA-RiAUC
090 _a922.582
_b و ك ي
100 1 _aالوكيلي، الصغير بن عبد السلام
_eمؤلف.
245 1 2 _aالإمام الشهاب القرافي :
_bحلقة وصل بين المشرق والمغرب في مذهب مالك في القرن السابع /
_cإعداد الصغير بن عبد السلام الوكيلي.
264 1 _aالرباط :
_bوزارة الأوقاف والشؤون الإسلامية،
_c1996
300 _a2 مجلد ؛
_c24 سم
336 _aنص
_btxt
_2rdacontent
_3كتاب
337 _aبدون وسيط
_bn
_2rdamedia
338 _aمجلد
_bnc
_2rdacarrier
500 _aيشتمل على كشافات.
504 _aيشتمل على ببليوجرافية.
600 1 7 _aالقرافي، أحمد بن إدريس بن عبد الرحمن،
_d626-684 هجري
_2aucnm
650 7 _aالفقهاء المالكية
_vتراجم
_2aucsh
650 7 _aالفقه المالكي
_2aucsh
942 _2ddc
_cBOOK
_n0
949 _aSA-JeALM
_d241127
_uosman123
_n1
999 _c2842
_d2842